Lyrics - Måneskin #1 - Statistics

General Stats
  • This quiz has been taken 193 times
  • The average score is 270 of 349
Answer Stats
Answer % Correct
I
98%
ya
98%
you
98%
be
97%
your
97%
wanna
96%
slave
95%
a
92%
A
92%
like
91%
master
91%
make
89%
the
85%
run
83%
monster
82%
and
80%
And
80%
heartbeat
79%
'Cause
77%
'cause
77%
for
75%
could
74%
to
74%
good
73%
I'm
73%
beauty
72%
boy
72%
gangster
72%
love
71%
me
71%
my
70%
fucking
69%
redemption
68%
so
68%
you're
68%
body
65%
devil
65%
searching
65%
electric
64%
then
64%
sin
63%
that
62%
Lisa
61%
Mona
61%
rollercoasters
61%
touch
61%
who's
60%
can
59%
just
59%
this
59%
hungry
58%
morning
57%
paint
57%
feed
56%
know
56%
motherfucking
56%
since
56%
face
55%
leave
55%
not
55%
pathetic
55%
tears
55%
that's
55%
crying
54%
aesthetic
53%
all
53%
of
53%
baby
52%
say
52%
scared
52%
too
52%
Because
51%
puppet
51%
want
50%
bad
48%
David
48%
loser
48%
preacher
48%
teacher
48%
lawyer
47%
if
46%
champion
45%
eccentric
45%
girl
45%
Goliath
44%
killer
44%
guy
43%
amuse
42%
blonde
42%
jealous
42%
but
41%
sextoy
41%
clown
38%
I'll
38%
is
38%
use
38%
nervous
37%
even
35%
free
32%
set
30%
Telecaster
29%
freak
28%
pull
28%
strings
28%
quiet
23%
No matching quizzes found
Score Distribution
Percent of People with Each Score
Percentile by Number Answered
Your Score History
You have not taken this quiz